Metodología de evaluación hidráulica de sistemas de alcantarillado sanitario
Este trabajo está destinado a la elaboración de una Metodología de Evaluación Hidráulica de Diseños de Sistemas de Alcantarillado Sanitario, utilizando softwares libres y usando como ejemplo, el Proyecto de Ampliación Propuesto en la ciudad de Jinotepe, Carazo, que fue aprobado el 02 de dicie...
| Main Authors: | , |
|---|---|
| Other Authors: | |
| Format: | Tesis Section = Libro |
| Language: | Undetermined Spanish |
| Published: |
Managua
UNI
2021
|
| Subjects: |
| LEADER | 01310nam a2200277Ia 4500 | ||
|---|---|---|---|
| 008 | 240830s9999 xx 000 0 und d | ||
| 040 | |a BIBLIOTECA-RUPAP Mon 628.2 G984 | ||
| 041 | |a spa | ||
| 082 | |a Mon 628.2 G984 | ||
| 100 | 1 | |a Gutiérrez García, María Jocabed | |
| 100 | 1 | |b García Rivera, Itsamary | |
| 245 | 1 | 0 | |a Metodología de evaluación hidráulica de sistemas de alcantarillado sanitario |
| 260 | |a Managua |b UNI |c 2021 | ||
| 300 | |a 117 p. :il. | ||
| 500 | |a Contiene: anexos y CD. | ||
| 502 | |a Tesis (Ingeniero Civil) - UNI, 2015. | ||
| 520 | 3 | |a Este trabajo está destinado a la elaboración de una Metodología de Evaluación Hidráulica de Diseños de Sistemas de Alcantarillado Sanitario, utilizando softwares libres y usando como ejemplo, el Proyecto de Ampliación Propuesto en la ciudad de Jinotepe, Carazo, que fue aprobado el 02 de diciembre del 2017, por el área de Preinversión del Programa Integral Sectorial de Agua y Saneamiento Humano (PISASH). | |
| 650 | 7 | |a ALCANTARILLADO SANITARIO | |
| 650 | 7 | |b INGENIERÍA SANITARIA | |
| 650 | 7 | |c TUBERÍAS - DISEÑO Y CONSTRUCCIÓN | |
| 650 | 7 | |d EVALUACIÓN HIDRÁULICA | |
| 650 | 7 | |e DRENAJE PLUVIAL. | |
| 700 | 1 | |a Tutor: |b Baldizón Aguilar, María Elena | |
| 942 | |c BK |2 ddc | ||
| 991 | |a TESIS | ||
| 999 | |c 18871 | ||